Online
Catalog

Moneda y banca : (Record no. 37977)

MARC details
000 -CABECERA
campo de control de longitud fija 01589nam a2200277 i 4500
001 - NÚMERO DE CONTROL
campo de control 000038487
003 - IDENTIFICADOR DEL NÚMERO DE CONTROL
campo de control DO-SdBNP
005 - FECHA Y HORA DE LA ÚLTIMA TRANSACCIÓN
campo de control 20230419132520.0
006 - CÓDIGOS DE INFORMACIÓN DE LONGITUD FIJA--CARACTERÍSTICAS DEL MATERIAL ADICIONAL
campo de control de longitud fija a||||fr|||| 00| 0
007 - CAMPO FIJO DE DESCRIPCIÓN FÍSICA--INFORMACIÓN GENERAL
campo de control de longitud fija ta
008 - DATOS DE LONGITUD FIJA--INFORMACIÓN GENERAL
campo de control de longitud fija 130412e1977 dr ad fr 000 u spa d
040 ## - FUENTE DE LA CATALOGACIÓN
Centro catalogador/agencia de origen DO-SdBNP
Lengua de catalogación spa
Centro/agencia transcriptor BNPHU
Normas de descripción rda
082 #4 - NÚMERO DE LA CLASIFICACIÓN DECIMAL DEWEY
Número de edición 22
Número de documento/Ítem A473m, 1977
100 1# - ENTRADA PRINCIPAL--NOMBRE DE PERSONA
Nombre de persona Álvarez Betancourt, Opinio
9 (RLIN) 57793
245 10 - MENCIÓN DE TÍTULO
Título Moneda y banca :
Resto del título Texto provisional /
Mención de responsabilidad, etc. Opinio Álvarez Betancourt.
250 ## - MENCIÓN DE EDICIÓN
Mención de edición 3a. ed.
260 ## - PUBLICACIÓN, DISTRIBUCIÓN, ETC.
Lugar de publicación, distribución, etc. Santo Domingo :
Nombre del editor, distribuidor, etc. La palabra,
Fecha de publicación, distribución, etc. 1977
300 ## - DESCRIPCIÓN FÍSICA
Extensión viii, 223 páginas :
Otras características físicas Ilustraciones, gráficas ;
Dimensiones 26 cm.
336 ## - TIPO DE CONTENIDO
Fuente rdaconten
Término de tipo de contenido texto
Código de tipo de contenido txt
337 ## - TIPO DE MEDIO
Fuente rdamedia
Nombre/término del tipo de medio sin medición
Código del tipo de medio n
338 ## - TIPO DE SOPORTE
Fuente rdacarrier
Nombre/término del tipo de soporte volumen
Código del tipo de soporte nc
504 ## - NOTA DE BIBLIOGRAFÍA, ETC.
Nota de bibliografía, etc. Bibliografía: página v- viii
505 ## - NOTA DE CONTENIDO CON FORMATO
Información miscelánea Capítulo I.
Título El dinero.--
Información miscelánea Capítulo II.
Título Objeto y Conceptos de la ciencia Bancaria.--
Información miscelánea Capítulo III.
Título Los Bancos Comerciales.--
Información miscelánea Capítulo IV.
Título La Cámara de Compensación.--
Información miscelánea Capítulo V.
Título Creación de Depósitos y Oferta de Dinero.--
Información miscelánea Capítulo VI.
Título La Banca Central.--
Información miscelánea Capítulo VII.
Título Los intermediarios Financieros no Monetario.--
Información miscelánea Capítulo VIII.
Título El Mercado de Capitales.--
Información miscelánea Capítulo IX.
Título El sistema Financiero de la República Dominicana.--
Información miscelánea Capítulo X.
Título Objetivos y Campo de Acción de la Teoría Monetaria.--
Información miscelánea Capítulo XI.
Título La Teoría Cuantitativa del Dinero.--
Información miscelánea Capítulo XII.
Título Teoría Keynesiana del dinero.--
Información miscelánea Capítulo XIII.
Título Capítulo XIV.
Información miscelánea Teorías de la Inflación.--
-- Capítulo XV.
Título Los Balances Bancarios y el Análisis Monetario.--
590 ## - NOTA LOCAL (RLIN)
Nota local Inventariado 2023 / MF
942 ## - ELEMENTOS DE PUNTO DE ACCESO ADICIONAL (KOHA)
Fuente del sistema de clasificación o colocación Dewey Decimal Classification
Tipo de ítem Koha Libro
Holdings
Estado de retiro Estado de pérdida Fuente del sistema de clasificación o colocación Restricciones de uso No para préstamo Código de colección Localización permanente Ubicación/localización actual Ubicación en estantería Fecha de adquisición Fuente de adquisición Código de barras Fecha visto por última vez Precio válido a partir de Tipo de ítem Koha
    Dewey Decimal Classification Excluido de préstamo   Patrimonio Dominicano Biblioteca Nacional Pedro Henríquez Ureña Biblioteca Nacional Pedro Henríquez Ureña En catalogación 12.04.2013 Donado por FUNDI 38487-10 25.06.2020 25.06.2020 Libro

Powered by Koha